000
00189nam a2200085 4500
999
_c
531503
_d
531503
040
_c
DLC
100
_a
Qazmi, Muhammad Raza
_9
24279
245
_a
Intikhab kalam allama iqbal
942
_2
ddc
_c
BK